'90s TV by Child Characters Quiz Stats

Quiz Updated Nov 7, 2017

Challenge
Share
Tweet
Embed
Score 0/16 Timer 04:00
24 Plays Today
% Correct
The Simpsons
96.1%
The Fresh Prince of Bel-Air
92.5%
Sister, Sister
90.8%
Full House
88%
Married... With Children
80%
Home Improvement
79.8%
Boy Meets World
79.8%
Roseanne
77.8%
% Correct
Growing Pains
65.5%
The Wonder Years
65.4%
The Nanny
63%
Family Matters
60.6%
Everybody Loves Raymond
57.8%
Step by Step
57.1%
Smart Guy
47.5%
Major Dad
43.7%

You're not logged in!

Compare scores with friends on all Sporcle quizzes.
Sign Up with Email
OR
Log In

You Might Also Like...

Show Comments

Extras

Top Quizzes Today


Score Distribution

Your Account Isn't Verified!

In order to create a playlist on Sporcle, you need to verify the email address you used during registration. Go to your Sporcle Settings to finish the process.